000 00294nam a2200121Ia 4500
008 130729s9999 xx 000 0 und d
082 _a531.01
082 _bB3213
100 _aBatra,Romesh C.
_9671
245 _aIntroduction To Continuum Mechanics
245 _cBatra,Romesh C.
942 _cBK
999 _c6450
_d6450